| 000 | 01050nam a22001817a 4500 | ||
|---|---|---|---|
| 003 | JO-AjAnu | ||
| 005 | 20240605113902.0 | ||
| 008 | 240311b jo ||||| |||| 00| 0 ara d | ||
| 040 |
_bARA _cANU |
||
| 100 |
_aالمومني، عزت صالح _eمؤلف _965053 |
||
| 245 |
_aأثر مؤشرات المديونية على سعر السهم في الشركات الصناعية المدرجة في بورصة عمان الدخل النقدي كمتغير معدل = _bThe Effect of Indebtedenss Indicators on the Shaer Price of Industrial Companies Listed on the Amman Stock Exchange: The Cash Income as a Moderating Variable / اعداد عزت صالح المومني ؛ اشراف علي عبد الله الزعبي |
||
| 260 | _c2023 | ||
| 300 | _a101 ورقه | ||
| 500 | _aرسالة ماجستير : جامعة عجلون الوطنية؛ كلية الأعمال تخصص المحاسبة، 2023 | ||
| 650 | _vالمديونية-بورصة عمان | ||
| 700 |
_aعلي عبد الله الزعبي _eمشرف _965058 |
||
| 942 |
_2lcc _cTHS _n0 |
||
| 999 |
_c33311 _d33311 |
||